El socialismo y la Democracia Cristiana como sistemas de restauración social (Record no. 138056)

MARC details
000 -LEADER
campo de control de longitud fija 00556nam a2200145 4500
001 - NÚMERO DE CONTROL
campo de control 138056
003 - IDENTIFICADOR DE NÚMERO DE CONTROL
campo de control ES-MaACL
005 - FECHA Y HORA DE LA ÚLTIMA TRANSACCIÓN
campo de control 20230906195508.0
007 - CAMPO FIJO DE DESCRIPCIÓN FÍSICA--INFORMACIÓN GENERAL
campo de control de longitud fija t|
008 - DATOS DE LONGITUD FIJA--INFORMACIÓN GENERAL
campo de control de longitud fija 070214s1907 sp r ||||1| spa d
100 1# - ENTRADA PRINCIPAL--NOMBRE DE PERSONA
Nombre de persona Sánchez Mata, Nicasio.
9 (RLIN) 102770
245 13 - MENCIÓN DEL TÍTULO
Título El socialismo y la Democracia Cristiana como sistemas de restauración social
Resto del título : oración inaugural del curso académico de 1907 a 1908 /
Mención de responsabilidad, etc. leída por el Dr. D. Nicasio Sánchez Mata.
260 ## - PUBLICACIÓN, DISTRIBUCIÓN, ETC.
Lugar de publicación, distribución, etc. Salamanca :
Nombre del editor, distribuidor, etc. [s. n.],
Fecha de publicación, distribución, etc. 1907 (
Fabricante Imp. de Francisco Núñez)
852 ## - LOCALIZACIÓN
Ubicación ES-MaACL
Número de control de estantería T-1181-F-5
Holdings
Estatus retirado Estado de pérdida Estado de daño No para préstamo Colección Biblioteca de origen Biblioteca actual Ubicación en estantería Fecha de adquisición Fuente de adquisición Total de préstamos Signatura topográfica completa Código de barras Visto por última vez Precio de reemplazo Tipo de ítem Koha
        Colección de folletos Biblioteca del Ateneo de Madrid Biblioteca del Ateneo de Madrid Depósito folletos 17/01/2008     T-1181-F-5 1143658 23/02/2023 23/02/2023 Folleto